Science Quiz

Random Science or Clickable Quiz
Score 0/12 Timer 01:30
2 Plays Today
% Correct
Headphones
97.3%
Camera
97.3%
Cell Phone
94.6%
Microphone
94.6%
Printer
91.9%
Television
91.9%
Keyboard
89.2%
Floppy Disk
89.2%
Computer Disk
87.8%
Mouse
87.8%
Laptop
85.1%
Desktop Computer
82.4%
Remove Ads.
Support Sporcle.
Get the best of Sporcle when you Go Orange. This ad-free experience offers more features, more stats, and more fun while also helping to support Sporcle. Thank you for becoming a member.

You're not logged in!

Compare scores with friends on all Sporcle quizzes.
OR
Log In

Sporcle TV

Today on Sporcle TV


Watch our educational content, quiz creation guides, and fun videos on Sporcle TV.

Show Comments

Extras

Top Quizzes Today


Score Distribution

Paid Content

Your Account Isn't Verified!

In order to create a playlist on Sporcle, you need to verify the email address you used during registration. Go to your Sporcle Settings to finish the process.

Report this User

Report this user for behavior that violates our Community Guidelines.

Details: